| 000 | 00904nam a22002057a 4500 | ||
|---|---|---|---|
| 999 |
_c36658 _d36658 |
||
| 005 | 20190311102537.0 | ||
| 008 | 130408t mx||||| |||| 00| 0 spa d | ||
| 020 | _a9707292431 | ||
| 050 | 0 | 4 |
_aLC3985.M49 _bV35 2012 |
| 100 | 1 | _aValadez Sierra, María de los Dolores | |
| 245 | 1 | 0 |
_aAlumnos superdotados y talentosos _b : identificación, evaluación e intervención : una perspectiva para docentes _c / María de los Dolores Valadez Sierra, Julián Betancourt Morejón, María Alicia Zavala Berbena ; editor Santiago Viveros Fuentes |
| 250 | _a2a ed. | ||
| 260 |
_aMéxico : _bManual Moderno, _c2012 |
||
| 300 |
_axviii, 425 p. : _bil. ; _c23 cm. |
||
| 504 | _aIncluye bibliografía e índice | ||
| 650 | 7 |
_2LEMB _aEducación de niños superdotados _zMéxico |
|
| 700 | 1 |
_aBetancourt Morejón, Julián _ecoaut. |
|
| 700 | 1 |
_aZavala Berbena, María Alicia _ecoaut. |
|
| 700 | 1 |
_aViveros Fuentes, Santiago _eed. |
|
| 942 |
_2lcc _cLIB |
||